Study Guide to Accompany Health Information : (Record no. 595612)

MARC details
000 -LEADER
fixed length control field 00499nam a2200181 a 4500
008 - FIXED-LENGTH DATA ELEMENTS--GENERAL INFORMATION
fixed length control field 251104s2007##################000#0#eng##
020 ## - INTERNATIONAL STANDARD BOOK NUMBER
ISBN 9781416030041
082 04 - DEWEY DECIMAL CLASSIFICATION NUMBER
Classification number 613.004
Item number ABD
100 1# - MAIN ENTRY--AUTHOR NAME
Personal name Abdelhak, Mervat,
245 10 - TITLE STATEMENT
Title Study Guide to Accompany Health Information :
260 ## - PUBLICATION, DISTRIBUTION, ETC. (IMPRINT)
Name of publisher Saunders,
Year of publication 2007.
650 #0 - SUBJECT ADDED ENTRY--TOPICAL TERM
Topical Term Communication in medicine.
942 ## - ADDED ENTRY ELEMENTS (KOHA)
Koha item type English Books

No items available.

Find us on the map